000 01848nam a2200325 c 4500
003 BLK
005 20180422113050.0
008 180410b bul|||||r ||||||| ||bul||
010 _aKNG00157626000
040 _aBLK
041 _aBUL
_cBUL
080 _aПолитически партии и движения
_b329
_x(47+57)КПСС(092)
_z329(47+57)КПСС(092)
080 _aСоциография. Социално положение. Условия на политическия и социалния живот. Социално и социално-икономическо положение на отделните страни, народи, раси. Социална география. (Общи въпроси)
_b308
_x(47+57)(092)
_z308(47+57)(092)
080 _aСъветски политик и държавник
_b929 Брежнев, Леонид Илич
_x
_z929 Брежнев, Леонид Илич
100 1 _aБрежнев, Леонид Илич
_eпърви автор
_943159
700 1 _aМисирков, Борис Сергеев
_eпрев. от рус.
_9363376
139 _aБрежнев, Леонид Илич
_bБ 80
245 1 0 _aЦелина
_bСпомени за дейността на авт. в Казахстан : 1954 - 1956 г.
_cЛеонид Илич Брежнев; прев. от рус. Борис Сергеев Мисирков.
257 _aRUS
260 София
_bПартиздат
_c1978
300 _a152 с.
_c17 см
380 _a3
500 _aОриг. загл. Целина. - 70 110 тир.
600 1 4 _aБрежнев, Леонид Илич
_943159
852 _aЦб І 16747
856 4 _qpdf
_u
856 4 _qpdf
_u
942 _cKNG
_n0
944 _aCR
_c10.03.2014
_l10.03.2014 - от С1,Р / 10.03.2014
_kПравда_Бадева
944 _aED
_c10.03.2014
_l10.03.2014 - от С1,Р / 10.03.2014
_k
999 _c151240
_d151240